| 000 | 02088nam a22003617a 4500 | ||
|---|---|---|---|
| 001 | 101079 | ||
| 003 | KnowledgeUnlatched | ||
| 005 | 20210303105256.0 | ||
| 006 | m o d | ||
| 007 | cr u|||||||||| | ||
| 008 | 210129p20122019gw o u00| u eng d | ||
| 037 | _5BiblioBoard | ||
| 245 | 0 | 0 |
_aChristian Martyrdom in Late Antiquity _bHistory and Discourse, Tradition and Religious Identity / _cJohan Leemans, Peter Gemeinhardt. |
| 020 | _a9783110263527 | ||
| 029 | 1 | _ahttps://library.biblioboard.com/ext/api/media/0d070089-e80c-4aee-bb06-5233a6265a5b/assets/thumbnail.jpg | |
| 040 |
_aScCtBLL _cScCtBLL |
||
| 506 | 0 |
_aAccess copy available to the general public. _fUnrestricted _2star |
|
| 700 | 1 |
_aLeemans, Johan _eeditor. |
|
| 700 | 1 |
_aGemeinhardt, Peter _eeditor. |
|
| 264 | 1 | _bDe Gruyter, | |
| 300 | _a1 online resource (269 p.) | ||
| 520 | _aThe present volume`s focus lies on the formation of a multifaceted discourse on Christian martyrdom in Late Antiquity. While martyrdom accounts remain a central means of defining Christian identity, new literary genres emerge, e.g., the Lives of Saints (Athanasius on Antony), sermons (the Cappadocians), hymns (Prudentius). Authors like Eusebius of Caesarea and Augustine employ martyrological language and motifs in their writings, while beyond the borders of the Roman Empire, new martyrs` narratives can be found. The volume thus enlarges and specifies our knowledge of this important Christian discourse. | ||
| 588 | 0 | _aDescription based on print version record. | |
| 590 | _aKU Select 2017: Backlist Collection | ||
| 650 | 7 |
_aHistory / Ancient _2bisacsh |
|
| 650 | 0 | _aHistory | |
| 655 | 0 | _aElectronic books. | |
| 758 |
_iIs found in: _aKnowledge Unlatched _1https://openresearchlibrary.org/module/2774bc74-146a-484f-a7ba-ab1d6a09bbfb |
||
| 856 | 4 | 0 |
_uhttps://openresearchlibrary.org/content/0d070089-e80c-4aee-bb06-5233a6265a5b _zView this content on Open Research Library. _70 |
| 999 |
_c34047 _d34047 |
||